00858nam a22002417a 450000500170000001000130001702000110003003500130004103700160005404000120007008200270008210000270010924500950013624600490023126000780028027000720035830000610043049000060049165000440049765000370054165000210057865000170059920170124103032.0 aB-141913 c150.00 aB-141913 bCen Lib/Ret aDPLbHN aक bदेवीश  aदेवीशरण  aगाँव की धुल से /cदेवीशरण ''ग्रामीण '' aGaon ki dhul se b by Devisharan ''Gramin '' aइलाहाबादbसर्वेश प्रकाशन c2006 a1, बाई का बाग़ bइलाहाबादe211003 a130पृष्ठ. c19सेमी(सजिल्द) a  aहिंदी साहित्य  aहिंदी कहानी  aHindi literature a hindi story